000 00480nam a22001697a 4500
003 OSt
005 20211117170713.0
008 211117b |||||||| |||| 00| 0 eng d
020 _a81-85860-74-2
040 _cHawassa University
050 _a641.4/SPI
_b2
082 _23
_a641.4/SPI
_b2
100 _aSrivastava,P.R.
_919074
245 _aFruit and Vegetable Preservation:Principles and Practices
260 _bInternational Book Distributing Co.
_c1994
942 _2ddc
_cBOOKS
_n0
999 _c18853
_d18853